| 000 | 00500nam a2200181Ia 4500 | ||
|---|---|---|---|
| 999 |
_c29408 _d29408 |
||
| 003 | OSt | ||
| 005 | 20201228094735.0 | ||
| 008 | 190216s9999||||xx |||||||||||||| ||und|| | ||
| 020 | _a9788122607130 | ||
| 040 | _coclc | ||
| 082 |
_a894.8129 _bAME/N |
||
| 100 |
_aAmeer, Sheeba _97878 |
||
| 245 | 0 |
_aNadannupoyaval / _cSheeba Ameer |
|
| 260 |
_bCurrent Books, _aThrissur: _c2008. |
||
| 300 | _a71p | ||
| 650 | _aOormakurip | ||
| 942 |
_cBK _2ddc _h894.8129 _iAME/N _k894.8129 _mAME/N |
||